Miasta Polski z członem "-zdrój" - Statystyki

Ogólne statystyki
  • Ten quiz został rozwiązany 159 razy
  • Średni wynik to 8 z 15
Statystyki odpowiedzi
Miasto % Poprawnych
Krynica-Zdrój
75%
Jastrzębie-Zdrój
73%
Busko-Zdrój
72%
Kudowa-Zdrój
67%
Polanica-Zdrój
55%
Rabka-Zdrój
53%
Duszniki-Zdrój
52%
Iwonicz-Zdrój
51%
Lądek-Zdrój
51%
Świeradów-Zdrój
45%
Szczawno-Zdrój
41%
Piwniczna-Zdrój
39%
Połczyn-Zdrój
38%
Jedlina-Zdrój
36%
Trzcińsko-Zdrój
30%
Nie znaleziono quizów pasujących do podanych kryteriów
Rozkład punktacji
Procent ludzi z każdym wynikiem
Percentyl według liczby udzielonych odpowiedzi
Twoja historia wyników
Nie rozwiązałeś tego quizu